[Event "Dhaka Zia Memorial"]
[Site "Dhaka"]
[Date "2025.07.06"]
[Round "2"]
[White "Neelava, Choudhury"]
[Black "Nasim Hossain, Bhuiyan"]
[Result "1-0"]
[WhiteElo "1798"]
[BlackElo "1934"]
[PlyCount "113"]
[EventDate "2025.07.05"]
[EventType "swiss"]
[EventRounds "9"]
[EventCountry "BAN"]
[SourceTitle "CB29_2025"]
[SourceDate "2025.07.16"]
[SourceVersion "1"]
[SourceVersionDate "2025.07.16"]
[SourceQuality "1"]

1. e4 e6 2. d4 d5 3. Nc3 Nf6 4. e5 Nfd7 5. f4 c5 6. Nf3 Nc6 7. Be3 Be7 8. Qd2 Qa5 9. dxc5 Nxc5 10. Nd4 Nxd4 11. Bxd4 Bd7 12. 0-0-0 0-0-0 13. Kb1 Kb8 14. Be2 Rc8 15. Rhf1 Na6 16. Nb5 Nb4 17. a3 Bxb5 18. Bxb5 Qxb5 19. axb4 Bxb4 20. Qe3 Bc5 21. Bxc5 Rxc5 22. Rd3 Rhc8 23. Rf2 g6 24. g4 Rc4 25. Rd4 Qb6 26. Rd3 R8c5 27. Rb3 Qc6 28. Qd2 Ra4 29. Rff3 Rca5 30. Ra3 Qc5 31. Rxa4 Qg1+ 32. Ka2 Rxa4+ 33. Ra3 Rxa3+ 34. Kxa3 Qxg4 35. Qb4 Qh4 36. Qf8+ Kc7 37. Qxf7+ Kd8 38. Qf8+ Kd7 39. Qd6+ Ke8 40. Qxe6+ Qe7+ 41. Qxe7+ Kxe7 42. h4 b6 43. Kb4 a6 44. Kc3 Ke6 45. Kd4 a5 46. b3 b5 47. Kc5 a4 48. bxa4 bxa4 49. Kb4 h6 50. Kxa4 g5 51. fxg5 hxg5 52. hxg5 Kxe5 53. Kb5 Kf5 54. Kc5 Kxg5 55. Kxd5 Kf6 56. Kd6 Kf7 57. Kd7 1-0

[Event "BAN-ch (Women)"]
[Site "Dhaka"]
[Date "2024.05.30"]
[Round "11"]
[White "Neelava, Choudhury"]
[Black "Wadifa, Ahmed"]
[Result "0-1"]
[WhiteElo "1779"]
[BlackElo "1920"]
[PlyCount "60"]
[EventDate "2024.05.20"]
[EventType "tourn"]
[EventRounds "11"]
[EventCountry "BAN"]
[SourceTitle "CBM 220 Extra"]
[Source "ChessBase"]
[SourceDate "2024.07.31"]
[SourceVersion "1"]
[SourceVersionDate "2024.07.31"]
[SourceQuality "1"]

1. e4 c5 2. Nf3 e6 3. d4 cxd4 4. Nxd4 a6 5. Nc3 b5 6. Bd3 Qb6 7. Be3 Bc5 8. Be2 Nc6 9. Nxc6 Bxe3 10. fxe3 Qxc6 11. Qd4 f6 12. e5 Bb7 13. Bh5+ Kd8 14. Bf3 Qc7 15. Bxb7 Qxb7 16. 0-0-0 Rc8 17. Qd6 Ke8 18. Qd3 f5 19. e4 b4 20. Na4 fxe4 21. Qd4 Qc6 22. Nc5 Rc7 23. Qxb4 Qxc5 24. Qxe4 Ne7 25. Rd6 Rf8 26. Rxa6 Rf2 27. c3 Qb5 28. Ra8+ Kf7 29. Qb1 Qe2 30. Rd1 Qe3+ 0-1

[Event "BAN-ch (Women)"]
[Site "Dhaka"]
[Date "2024.05.25"]
[Round "6"]
[White "Nusrat Jahan, Alo"]
[Black "Neelava, Choudhury"]
[Result "1-0"]
[WhiteElo "1849"]
[BlackElo "1779"]
[PlyCount "94"]
[EventDate "2024.05.20"]
[EventType "tourn"]
[EventRounds "11"]
[EventCountry "BAN"]
[SourceTitle "CBM 220 Extra"]
[Source "ChessBase"]
[SourceDate "2024.07.31"]
[SourceVersion "1"]
[SourceVersionDate "2024.07.31"]
[SourceQuality "1"]

1. e4 e5 2. Nf3 Nc6 3. Bc4 Bc5 4. c3 Nf6 5. d4 exd4 6. e5 d5 7. Bb5 Ne4 8. cxd4 Bb4+ 9. Bd2 Nxd2 10. Nbxd2 0-0 11. 0-0 Bg4 12. h3 Bh5 13. Bxc6 bxc6 14. Qc2 Rb8 15. a3 Bxd2 16. Nxd2 Qh4 17. Qc3 Rfe8 18. Rfe1 Re6 19. Nb3 Rg6 20. Re3 f5 21. Rg3 f4 22. Rxg6 hxg6 23. f3 Qg3 24. Rf1 g5 25. Nc5 Bg6 26. b4 Bf5 27. Qe1 Qxe1 28. Rxe1 Kf7 29. Rc1 Rb6 30. Rc3 Ke7 31. Kf2 Rb8 32. Nb3 Rb6 33. g4 Bd7 34. Rc1 Rb8 35. Re1 Rh8 36. Kg2 Kf7 37. Rc1 Rb8 38. Nc5 Ke7 39. e6 Be8 40. Re1 Rd8 41. Re5 Kf6 42. Rf5+ Kg6 43. e7 Rc8 44. Rf8 Ra8 45. Ne6 Rc8 46. Nd8 Bd7 47. e8Q+ Bxe8 1-0

[Event "BAN-ch (Women)"]
[Site "Dhaka"]
[Date "2024.05.21"]
[Round "2"]
[White "Sultana, Sharmin Shirin"]
[Black "Neelava, Choudhury"]
[Result "1-0"]
[WhiteElo "1927"]
[BlackElo "1779"]
[PlyCount "95"]
[EventDate "2024.05.20"]
[EventType "tourn"]
[EventRounds "11"]
[EventCountry "BAN"]
[SourceTitle "CBM 220 Extra"]
[Source "ChessBase"]
[SourceDate "2024.07.31"]
[SourceVersion "1"]
[SourceVersionDate "2024.07.31"]
[SourceQuality "1"]

1. d4 d5 2. Nf3 Nf6 3. c4 e6 4. Nc3 Be7 5. cxd5 exd5 6. Bf4 0-0 7. e3 Bg4 8. h3 Bh5 9. Be2 Re8 10. Qb3 b6 11. 0-0 c6 12. Rfc1 Nbd7 13. Ne5 Rc8 14. Ba6 Rc7 15. a4 Nb8 16. Bf1 Bd6 17. Qc2 Bg6 18. Nxg6 fxg6 19. Bxd6 Qxd6 20. Nb5 Qd7 21. Nxc7 Qxc7 22. a5 Ne4 23. Bd3 Nd6 24. b4 Rc8 25. axb6 axb6 26. Qa2 b5 27. Qa7 Nd7 28. Qxc7 Rxc7 29. Ra6 Nc4 30. Bxc4 bxc4 31. Kf1 Kf7 32. Ke2 Nb8 33. Rb6 Nd7 34. Ra6 Nb8 35. Ra4 Rb7 36. Rca1 Ke6 37. Kd2 Nd7 38. Kc3 Nf6 39. f3 Nd7 40. Ra7 Rb8 41. Rc7 Kd6 42. Raa7 Rd8 43. h4 h6 44. e4 g5 45. hxg5 hxg5 46. e5+ Ke6 47. Rxc6+ Kf5 48. Rd6 1-0

[Event "Dhaka (Women) op 14th"]
[Site "Dhaka"]
[Date "2024.05.07"]
[Round "3"]
[White "Neelava, Choudhury"]
[Black "Hamid, Rani"]
[Result "1-0"]
[WhiteElo "1779"]
[BlackElo "1863"]
[PlyCount "133"]
[EventDate "2024.05.05"]
[EventType "swiss"]
[EventRounds "9"]
[EventCountry "BAN"]
[SourceTitle "CBM 220 Extra"]
[Source "ChessBase"]
[SourceDate "2024.07.31"]
[SourceVersion "1"]
[SourceVersionDate "2024.07.31"]
[SourceQuality "1"]

1. e4 c5 2. Nf3 e6 3. d4 cxd4 4. Nxd4 a6 5. Nc3 Qc7 6. Be3 Nf6 7. Qf3 Bb4 8. Bd2 Qe5 9. Nb3 d5 10. Bd3 dxe4 11. Nxe4 Bxd2+ 12. Nbxd2 Nxe4 13. Nxe4 Nc6 14. 0-0-0 0-0 15. Rhe1 Qa5 16. Qh3 h6 17. Nf6+ Kh8 18. Ng4 e5 19. Kb1 Be6 20. a3 Rad8 21. Qh4 Rd4 22. Re4 Bxg4 23. Rxg4 Rfd8 24. Rxd4 Rxd4 25. Qh5 Qd8 26. Re1 Kg8 27. Be4 Qa5 28. Re3 Qb5 29. Bxc6 Qf1+ 30. Ka2 Qc4+ 31. Rb3 bxc6 32. Qxe5 c5 33. Qe3 Qd5 34. Qf3 Qe6 35. Qe3 Qd5 36. Qf3 Re4 37. Qd3 Qe6 38. Qh3 f5 39. Qc3 Rc4 40. Qe3 Qf7 41. Kb1 Rd4 42. Rd3 Re4 43. Qd2 Kh7 44. f3 Re5 45. Re3 Rd5 46. Qe2 Rd7 47. Re5 c4 48. Rc5 Rd4 49. c3 Rd3 50. Kc2 a5 51. Rxc4 Rd7 52. Rd4 Re7 53. Qd3 Qh5 54. h3 Qf7 55. Rd5 g6 56. Rxa5 Qe8 57. Rd5 Re2+ 58. Kb1 Re1+ 59. Ka2 Qf7 60. c4 Re7 61. Kb1 Qe6 62. c5 Qe1+ 63. Qd1 Qe6 64. Rd6 Qf7 65. c6 f4 66. Rd7 Qf5+ 67. Ka1 1-0

[Event "BAN-ch U18 Girls 41st"]
[Site "Dhaka"]
[Date "2023.12.26"]
[Round "3"]
[White "Neelava, Choudhury"]
[Black "Wadifa, Ahmed"]
[Result "0-1"]
[WhiteElo "1505"]
[BlackElo "1758"]
[PlyCount "62"]
[EventDate "2023.12.25"]
[EventType "swiss"]
[EventRounds "9"]
[EventCountry "BAN"]
[SourceTitle "EXT 2025"]
[Source "ChessBase"]
[SourceDate "2024.10.14"]
[SourceVersion "1"]
[SourceVersionDate "2024.10.14"]
[SourceQuality "1"]

1. e4 c5 2. Nf3 e6 3. d4 cxd4 4. Nxd4 Nc6 5. Nc3 Qc7 6. Be3 a6 7. Qf3 Nf6 8. 0-0-0 Bb4 9. Nxc6 bxc6 10. Bg5 Qe5 11. Bxf6 gxf6 12. Ne2 Rb8 13. Qf4 Qxf4+ 14. Nxf4 Bb7 15. Bc4 d5 16. exd5 cxd5 17. Bb3 Ke7 18. c3 Bd6 19. Ne2 Rhd8 20. Nd4 Rbc8 21. Rhe1 Kf8 22. Kb1 e5 23. Nf5 Bc5 24. Ne3 d4 25. Ng4 Kg7 26. f4 e4 27. cxd4 Bxd4 28. Rc1 Rxc1+ 29. Rxc1 h5 30. Rc7 Bd5 31. Rc2 Bxb3 0-1

[Event "World Cup U12 Girls Prel"]
[Site "Tornelo INT"]
[Date "2021.08.16"]
[Round "3"]
[White "Kitadze, Anano"]
[Black "Neelava, Choudhury"]
[Result "1-0"]
[WhiteElo "1053"]
[BlackElo "1392"]
[PlyCount "153"]
[EventDate "2021.08.16"]
[EventType "swiss (rapid)"]
[EventRounds "10"]
[EventCountry "NET"]
[SourceTitle "EXT 2025"]
[Source "ChessBase"]
[SourceDate "2024.10.14"]
[SourceVersion "1"]
[SourceVersionDate "2024.10.14"]
[SourceQuality "1"]

1. e4 e5 2. Nf3 Nc6 3. Nc3 Nf6 4. d4 exd4 5. Nxd4 Bb4 6. Nxc6 bxc6 7. Bd3 0-0 8. 0-0 Re8 9. Bg5 d5 10. exd5 Bxc3 11. bxc3 cxd5 12. Qf3 c6 13. Rfe1 Rxe1+ 14. Rxe1 Be6 15. Qe3 a5 16. Qd4 Rb8 17. Qh4 h6 18. Be3 Rb2 19. a4 Qd7 20. Qd4 Bf5 21. Bxh6 Bxd3 22. cxd3 Qe6 23. Be3 Ng4 24. h3 Nxe3 25. Rxe3 Rb1+ 26. Kh2 Qd6+ 27. g3 c5 28. Re8+ Kh7 29. Qh4+ Qh6 30. Qxh6+ Kxh6 31. Ra8 Rc1 32. Rxa5 Rxc3 33. Kg2 c4 34. dxc4 dxc4 35. Rc5 Rc1 36. a5 c3 37. a6 c2 38. a7 Ra1 39. Rxc2 Rxa7 40. Rc6+ Kh7 41. g4 Ra3 42. f3 g6 43. Kg3 Kh6 44. h4 Ra4 45. h5 Rd4 46. hxg6 fxg6 47. Rf6 Kg7 48. Rf4 Rd5 49. Re4 g5 50. Re3 Rd4 51. Re4 Rd5 52. Re6 Kf7 53. Rc6 Ke7 54. Ra6 Kf7 55. Rc6 Ke7 56. Rc4 Kf6 57. Kf2 Re5 58. Re4 Rd5 59. Ke3 Kg6 60. f4 gxf4+ 61. Kxf4 Kf6 62. Ra4 Kg6 63. Ra6+ Kf7 64. Kg3 Kg7 65. Kh4 Kh7 66. g5 Kg7 67. Kg4 Kh7 68. Kf4 Kg7 69. Rh6 Kf7 70. Kg4 Kg7 71. Kh5 Kf7 72. Kg4 Kg7 73. Kf4 Kf7 74. Rh1 Kg6 75. Rg1 Rd4+ 76. Ke5 Rh4 77. Rg3 1-0

[Event "World Cup U12 Girls Prel"]
[Site "Tornelo INT"]
[Date "2021.08.16"]
[Round "1"]
[White "Quan, My Linh"]
[Black "Neelava, Choudhury"]
[Result "1-0"]
[WhiteElo "1072"]
[BlackElo "1392"]
[PlyCount "51"]
[EventDate "2021.08.16"]
[EventType "swiss (rapid)"]
[EventRounds "10"]
[EventCountry "NET"]
[SourceTitle "EXT 2025"]
[Source "ChessBase"]
[SourceDate "2024.10.14"]
[SourceVersion "1"]
[SourceVersionDate "2024.10.14"]
[SourceQuality "1"]

1. e4 e5 2. Nf3 Nc6 3. Bc4 Bc5 4. c3 Nf6 5. d3 0-0 6. 0-0 d5 7. exd5 Nxd5 8. Re1 Nb6 9. Bb3 Bg4 10. h3 Bh5 11. Bc2 Re8 12. Nbd2 Qd7 13. Ne4 Bf8 14. Ng3 Bg6 15. Nh4 Rad8 16. Nxg6 hxg6 17. Be3 Nd5 18. Qf3 Nxe3 19. fxe3 Be7 20. Re2 Bh4 21. Rae1 Bxg3 22. Qxg3 Qe6 23. Bb3 Qf5 24. Rf2 Qxd3 25. Bxf7+ Kf8 26. Bc4+ 1-0